000 00896nam a2200253Ia 4500
003 OSt
005 20221005104650.0
006 a|||||r|||| 00| 0
007 ta
008 221004b |||||||| |||| 00| 0 san d
020 _a9789385539091 (hbk)
_cINR 500.00
024 _a33612
037 _b437/1, 11/09/2017, Vidyanidhi Prakashan
_cTextual
040 _aCRL
_cCRL
_bsan
041 _2san
_asan
082 _aQ1:4x, Q7
100 _aशास्त्री, धमेन्द्र, ले.
245 0 _aअग्निहोत्र
246 _aAgnihotra
260 _aदिल्ली
_bविद्यानिधि प्रकाशन भारत
_c2017
300 _a378पृ0
_ccm.
942 _hQ1:4x, Q7
_cTEXL
_2cc
999 _c1013429
_d1013429